[Event "MPL 35th National U-20 Girls Chess-ch 20"]
[Site "Haryana"]
[Date "2022.03.09"]
[Round "2.5"]
[White "Dakshita Kumawat"]
[Black "Rindhiya V"]
[Result "0-1"]
[WhiteElo "1395"]
[BlackElo "1949"]
[Annotator "TA"]
[PlyCount "78"]
[EventDate "2022.03.09"]
[EventCountry "IND"]
[SourceTitle "playchess.com"]
[Source "ChessBase"]
[SourceQuality "1"]

{[%evp 10,78,3,0,9,-8,0,-1,0,-4,0,-43,-41,-39,-30,-30,-25,-43,-14,-46,-23,-18,-8,-18,-8,-7,22,12,8,1,24,-12,20,-27,-8,-10,13,16,15,-37,-41,-64,-29,-38,-42,-66,-37,-106,-39,-53,-52,-55,0,-137,-137,-139,-139,-187,-179,-462,-446,-827,-821,-820,-802,-698,-680,-1546,-1439,-842,-766]} 1. d4 d5 2. Bf4 Nf6 3. e3 e6 4. Nf3 Bd6 5. Bg3 O-O 6. Nbd2 c5 {D02: 1 d4 d5 2 Nf3 sidelines, including 2...Nf6 3 g3 and 2...Nf6 3 Bf4.} 7. c3 b6 8. Bd3 Bb7 {The position is equal.} 9. Ne5 Ne4 10. f4 (10. Qh5 $11) 10... f6 $15 11. Ng4 f5 {[#] White must now prevent ...Nxd2.} 12. Ne5 Nd7 {[#]} 13. O-O $146 ({Predecessor:} 13. Nxe4 fxe4 14. Be2 cxd4 15. Bg4 Bxe5 16. Bxe6+ Kh8 17. fxe5 Nc5 18. Bg4 Nd3+ 19. Kd2 Nxb2 20. Qb3 Nc4+ 21. Kc1 Qg5 {0-1 (21) Kokai,M (1893)-Czupor,A (1985) Hungary 2013}) 13... Ndf6 14. Ndf3 Qe7 15. Bh4 Rac8 16. h3 Qc7 17. g4 Bxe5 18. Nxe5 Nd7 19. Kh2 Nxe5 20. fxe5 Rf7 21. Bxe4 (21. gxf5 {is more appropriate.} Rxf5 22. Bxe4 dxe4 23. Rxf5 exf5 24. Qb3+ c4 25. Qa3) 21... dxe4 22. gxf5 exf5 (22... cxd4 {feels hotter.} 23. cxd4 Rxf5 24. Rxf5 exf5 25. Qb3+ Qc4) 23. Bg3 {[#] Threatens to win with e6.} Qc6 24. Bf4 (24. Qb3 $11) 24... cxd4 25. exd4 Qd5 (25... e3 {keeps more tension.} 26. Qc2 Ba6 27. Bxe3 Bxf1 28. Rxf1 Qe4) 26. Qe2 b5 {[%cal Ob5b4]} 27. Qe3 Qe6 {[%cal Ob5b4]} 28. Rfd1 (28. h4 $15) 28... Rfc7 (28... b4 $17 {...Rfc7 is the strong threat.} 29. Rd2 bxc3 30. bxc3 Bd5) 29. a3 a5 {[%cal Ba7a5,Ba5b4,Bb4c3,Bc3c2][%mdl 32]} 30. Rac1 Qb3 (30... Bd5 $15) 31. Qd2 (31. Rd2 $11 {keeps the balance.}) 31... b4 $1 $17 32. axb4 axb4 33. e6 (33. Qc2 $17 {keeps fighting.} Qd5 34. Qf2) 33... bxc3 $19 34. Qe3 (34. Qe2) 34... Qxb2+ {Black is clearly winning.} 35. Kg1 (35. Kh1 $142 c2 36. Rg1) 35... c2 36. Rf1 Rc3 37. Qe2 Qb6 38. e7 Qxd4+ 39. Kh2 Qd7 {Weighted Error Value: White=0.49/Black=0.13 (very precise)} 0-1

[Event "MPL 35th National U-20 Girls Chess-ch 20"]
[Site "Haryana"]
[Date "2022.03.09"]
[Round "2.6"]
[White "Swara Lakshmi S Nair"]
[Black "Srimathi R"]
[Result "1/2-1/2"]
[WhiteElo "1383"]
[BlackElo "1944"]
[Annotator "ChessBase"]
[PlyCount "78"]
[EventDate "2022.03.09"]
[EventCountry "IND"]
[SourceTitle "playchess.com"]
[Source "ChessBase"]
[SourceQuality "1"]
[TimeControl "5400+30"]

1. e4 {[%emt 0:01:03]} c5 {[%emt 0:00:26]} 2. Nf3 {[%emt 0:00:11]} Nc6 {[%emt 0:00:07]} 3. d4 {[%emt 0:00:28]} cxd4 {[%emt 0:00:08]} 4. Nxd4 {[%emt 0:00:08]} g6 {[%emt 0:00:08]} 5. Nc3 {[%emt 0:00:38]} Bg7 {[%emt 0:00:06]} 6. Be3 {[%emt 0:00:10]} Nf6 {[%emt 0:00:09]} 7. Bc4 {[%emt 0:03:04]} O-O {[%emt 0:00:08]} 8. Bb3 {[%emt 0:00:44]} a5 {[%emt 0:00:11]} 9. O-O {[%emt 0:02:55]} d6 {[%emt 0:00:46]} 10. f3 {[%emt 0:06:12]} Bd7 {[%emt 0:00:28]} 11. a3 {[%emt 0:23:59]} Nxd4 {[%emt 0:02:19]} 12. Bxd4 {[%emt 0:00:12]} Bc6 {[%emt 0:00:06]} 13. Nd5 {[%emt 0:04:08]} e6 {[%emt 0:10:27]} 14. Nxf6+ {[%emt 0:01:38]} Bxf6 {[%emt 0:00:05]} 15. c4 {[%emt 0:08:12]} b5 {[%emt 0:11:21]} 16. Rc1 {[%emt 0:13:12]} bxc4 {[%emt 0:11:53]} 17. Bxc4 {[%emt 0:00:16]} d5 {[%emt 0:02:12]} 18. exd5 {[%emt 0:04:12]} Bxd5 {[%emt 0:01:55]} 19. Bxd5 {[%emt 0:01:10]} exd5 {[%emt 0:00:05]} 20. Rc6 {[%emt 0:06:01]} Be7 {[%emt 0:02:12]} 21. Qd2 {[%emt 0:05:41]} Qd7 {[%emt 0:03:37]} 22. Rfc1 {[%emt 0:03:11]} Rfe8 {[%emt 0:07:41]} 23. Qf4 {[%emt 0:07:19]} Rac8 {[%emt 0:07:40]} 24. Rxc8 {[%emt 0:04:00]} Rxc8 {[%emt 0:00:05]} 25. Rxc8+ {[%emt 0:00:29]} Qxc8 {[%emt 0:00:04]} 26. Qe5 {[%emt 0:02:37]} Qc1+ {[%emt 0:00:19]} 27. Kf2 {[%emt 0:00:06]} Qd2+ {[%emt 0:00:04]} 28. Kg3 {[%emt 0:00:08]} Bd6 {[%emt 0:00:08]} 29. Qxd6 {[%emt 0:00:15]} Qxd4 30. b4 {[%emt 0:01:16]} axb4 {[%emt 0:00:08]} 31. axb4 {[%emt 0:00:04]} Qc3 {[%emt 0:06:40]} 32. b5 {[%emt 0:01:38]} d4 {[%emt 0:01:02]} 33. b6 {[%emt 0:00:10]} Qb2 {[%emt 0:00:20]} 34. Qc7 {[%emt 0:00:55]} Qd2 {[%emt 0:00:50]} 35. b7 {[%emt 0:01:00]} Qg5+ {[%emt 0:00:06]} 36. Kf2 {[%emt 0:00:08]} Qd2+ {[%emt 0:00:17]} 37. Kg3 {[%emt 0:00:09]} Qg5+ {[%emt 0:00:05]} 38. Kf2 {[%emt 0:00:16]} Qd2+ {[%emt 0:00:14]} 39. Kg3 {[%emt 0:00:16]} Qg5+ {[%emt 0:01:05]} 1/2-1/2

[Event "MPL 35th National U-20 Girls Chess-ch 20"]
[Site "Haryana"]
[Date "2022.03.10"]
[Round "3.1"]
[White "Priyanka Nutakki"]
[Black "Femil Chelladurai"]
[Result "1-0"]
[WhiteElo "2301"]
[BlackElo "1580"]
[Annotator "TA"]
[PlyCount "61"]
[EventDate "2022.03.09"]
[EventCountry "IND"]
[SourceTitle "playchess.com"]
[Source "ChessBase"]
[SourceQuality "1"]

{[%evp 17,60,-26,-34,-20,24,-65,-54,-59,-57,-66,-19,-20,19,14,12,0,16,0,0,0,408,431,415,425,1316,1302,1154,616,584,596,1113,1103,1042,1010,2006,1726,3116,2762,5555,2199,29994,29995,29995,29996,29999]} 1. d4 d5 2. c4 e6 3. Nc3 Nf6 {[%cal Bg8f6,Bf6d5,Bd5c3][%mdl 32]} 4. Nf3 c6 5. e3 Nbd7 6. Qc2 Bd6 7. g4 {[%cal Bg2g4,Bg4g5][%mdl 32]} dxc4 8. g5 Nd5 9. Bxc4 b5 10. Be2 {D45: Semi-Slav: 5 e3.} Bb7 (10... Nxc3 $1 {is superior.} 11. bxc3 Bb7) 11. Bd2 (11. Ne4 $1 $11 Be7 12. h4) 11... Nxc3 $1 $15 12. bxc3 {[#] Black is slightly better.} O-O $146 ({Predecessor:} 12... c5 13. e4 a6 14. a4 O-O 15. O-O bxa4 16. Rxa4 Qc7 17. Qd3 Qc6 18. Rfa1 Nb6 19. Ra5 cxd4 20. cxd4 Qxe4 21. Qxe4 Bxe4 {½-½ (21) Gagunashvili,M (2553)-Goldenberg,I (2395) Canberra 2008}) 13. h4 {[%cal Bh2h4,Bh4h5][%mdl 32]} f5 (13... c5 $15 {deserves consideration.}) 14. gxf6 $11 Qxf6 (14... Nxf6 $5 {[%cal Rc6c5]} 15. e4 c5 $11) 15. O-O-O c5 16. Ng5 {[%csl Gg5][%cal Rc2h7]} g6 17. Rhg1 {[%cal Bh1g1,Bg1g6,Bg6e6][%mdl 32] Threatens to win with h5.} cxd4 $1 18. h5 {[%cal Og5h7] And now Nxh7! would win.} Bh2 $2 {[%mdl 8192] [#]} (18... Qxf2 $11 {and Black is okay.} 19. Nxh7 Rf5) 19. Nxh7 $1 $18 {[%mdl 512]} Kxh7 20. Rxg6 {Chess con chili.} Be4 (20... Qf5 $142) 21. Qxe4 Qf5 22. Qxf5 Rxf5 23. Bd3 dxc3 {[#]} 24. Rxe6 $1 cxd2+ 25. Rxd2 Nb6 26. Bxf5+ Kg7 27. f4 {Threatening mate with h6+.} Rf8 28. Rg6+ Kh8 {[#]} 29. Rdg2 $1 {[%cal Rg6h6] White mates.} Bxf4 (29... Bg3 30. R2xg3) 30. exf4 {[%cal Rg6h6]} Rxf5 31. Rh6# {Weighted Error Value: White=0.33/Black=0.67} 1-0

[Event "MPL 35th National U-20 Girls Chess-ch 20"]
[Site "Haryana"]
[Date "2022.03.10"]
[Round "3.2"]
[White "Poorna Sri M.K"]
[Black "Bommini Mounika Akshaya"]
[Result "1-0"]
[WhiteElo "1763"]
[BlackElo "2145"]
[Annotator "TA"]
[PlyCount "81"]
[EventDate "2022.03.09"]
[EventCountry "IND"]
[SourceTitle "playchess.com"]
[Source "ChessBase"]
[SourceQuality "1"]

{[%evp 23,81,12,30,0,0,-16,0,0,25,10,15,8,37,12,77,25,85,60,64,31,59,31,18,0,1,-108,-31,-26,163,168,178,154,671,640,800,779,884,877,856,344,606,447,450,448,426,371,375,378,376,375,414,377,439,429,519,418,29991,29992,29994,29995]} 1. e4 c5 2. Nf3 d6 3. d4 cxd4 4. Nxd4 Nf6 5. Nc3 a6 6. f3 e5 7. Nb3 Be6 8. Be3 Be7 9. Qd2 b5 10. O-O-O Nbd7 11. g4 {[%cal Bg2g4,Bg4g5][%mdl 32]} O-O 12. g5 Nh5 13. Rg1 {B90: Sicilian Najdorf: Unusual White 6th moves, 6 Be3 Ng4 and 6 Be3 e5.} Nb6 14. Nd5 Nxd5 {outshines the older 14...Bxd5.} 15. exd5 {The position is equal.} Bd7 16. Na5 Rc8 17. Bd3 {[#]} f5 $146 ({Predecessor:} 17... Qc7 18. Kb1 g6 19. c4 Bd8 20. Nc6 bxc4 21. Bxc4 Bxc6 22. dxc6 Qxc6 23. Rc1 Qd7 24. Bxa6 Rxc1+ 25. Rxc1 {1-0 (60) Fule,S (2143)-Assaubayeva,B (2374) Budapest 2020}) 18. gxf6 Bxf6 (18... Nxf6 $11 19. Nc6 (19. Qg2 Rf7 $15) 19... Bxc6 20. dxc6 d5) 19. Kb1 {White is much more active.} ({White should play} 19. Nc6 $1 $16 {[%cal Rc6d8]} Qc7 20. Kb1) 19... Nf4 (19... Rf7 $11 {remains equal.}) 20. Be4 (20. Nc6 $6 Bxc6 21. dxc6 Nxd3 22. Qxd3 Qc7 $11) 20... Nh3 21. Rg2 Qe8 22. Nb7 Be7 23. Qd3 Qh5 24. Qa3 (24. Na5 $11) 24... Rc7 (24... Bf5 $17 {And now ...Bxe4 would win.} 25. Rc1 Bxe4 26. fxe4 Nf4) 25. Na5 {[#] Hoping for Nc6.} ({Not} 25. Qxa6 $2 Bc8 26. Qxb5 Rxb7 $19) 25... Kh8 $2 (25... Bf5 $1 $11 26. Rc1 Bxe4 27. fxe4 Qf3) 26. Nc6 $36 {[%mdl 2048] Keeping Black busy.} Bxc6 27. Qa5 Bxd5 $2 {This move loses the game for Black.} (27... Rxf3 $2 28. Bxf3 (28. Bc1 Rc8 $15) 28... Qxf3 29. Qxc7 $18) (27... Bd8 $16 28. dxc6 Rxc6) 28. Qxc7 Bxe4 29. Qxe7 {[%cal Re7f8] [#]} Rg8 30. Rxd6 {[%cal Oe7g7] Qxg7+! would kill now.} Bg6 31. Qb7 (31. Rg4 $142) 31... Rf8 $2 (31... a5 32. Rg4 Nf4 33. Qxb5 Qxh2) 32. Rd7 Rg8 33. Rgd2 Qh4 34. Rd1 {[%cal Od7g7] Inhibits Qe1. Black must now prevent Rxg7!} Qc4 35. R7d2 b4 36. Qd5 Qc7 37. Qd6 Qf7 38. Qxe5 Qxf3 39. Bh6 Qf7 (39... Qf6 $18 40. Qxf6 gxf6) 40. Rd7 Bxc2+ 41. Ka1 {Weighted Error Value: White=0.44/Black=0.81} 1-0

[Event "MPL 35th National U-20 Girls Chess-ch 20"]
[Site "Haryana"]
[Date "2022.03.10"]
[Round "3.3"]
[White "Anupam M Sreekumar"]
[Black "Lakshmi C"]
[Result "0-1"]
[WhiteElo "1724"]
[BlackElo "1968"]
[Annotator "TA"]
[PlyCount "100"]
[EventDate "2022.03.09"]
[EventCountry "IND"]
[SourceTitle "playchess.com"]
[Source "ChessBase"]
[SourceQuality "1"]

{[%evp 9,100,0,4,-8,0,0,0,0,0,0,0,-12,22,0,0,0,0,0,51,44,50,50,71,71,62,52,57,22,25,-29,-28,-45,31,13,20,0,33,-48,-40,-125,-114,-155,-127,-146,-86,-150,-139,-127,-131,-133,-142,-143,-139,-121,-133,-130,-122,-126,-130,-128,-125,-120,-125,-104,-52,-53,-60,-130,-49,-180,-189,-199,-201,-200,-194,-457,-448,-457,-455,-455,-455,-12845,-10081,-29954,-29967,-29960,-29955,-29981,-29982,-29982,-29983,-29991,-29992]} 1. e4 c5 2. Nf3 Nc6 3. c4 e5 4. Nc3 Nf6 5. d3 d6 6. g3 {B30: Sicilian: 2...Nc6 3 Bb5, lines without ...g6.} g6 7. Bg2 Bg7 8. h3 {[#] The position is equal.} a6 $146 ({Predecessor:} 8... h6 9. Be3 Be6 10. Qd2 Nd4 11. Nh2 Qd7 12. g4 g5 13. Nf1 a6 14. Ng3 Qc7 {1-0 (38) Tsyrenov,S-Badmaev,A (1910) Russia 2014}) 9. a3 Rb8 10. Nd5 Ra8 11. Nc3 Rb8 12. Nd5 Nxd5 13. cxd5 Ne7 (13... Nd4 $11) 14. O-O O-O 15. Bd2 h6 16. b4 b6 17. Rb1 Bd7 18. Nh2 f5 19. f4 (19. Qc2 $142) 19... Bb5 $11 20. Rf3 Qd7 (20... exf4 $15 21. Bxf4 Qd7) 21. fxe5 dxe5 22. Be3 Rfc8 23. Rf2 (23. Qd2 $14) 23... cxb4 $15 {Hoping for ...Rc3.} 24. axb4 (24. Qd2 $1 $15) 24... Rc3 $17 25. Rd2 ({Not} 25. Rb3 $2 Ba4 26. Rfb2 fxe4 $19) (25. Nf1 $142) 25... fxe4 26. Bxe4 Qxh3 (26... Nxd5 $142 27. Ng4 Nxe3 28. Nxe3 Qd4) 27. Qg4 (27. Bf2 $142 Qc8 28. Qg4) 27... Qxg4 28. Nxg4 Nf5 29. Bxf5 gxf5 30. Nxh6+ Bxh6 31. Bxh6 Rd8 32. d4 Rd6 ({And not} 32... Rxd5 33. dxe5 Rxd2 34. Bxd2 Rxg3+ 35. Kf2) 33. Rh2 exd4 {Black is more active.} 34. Bf4 Rxd5 35. Re1 d3 $1 36. Re7 {[#]} Rd7 ({Black should try} 36... Rc6 $1 $17 37. Bg5 Rg6) 37. Re8+ $1 $15 Kf7 38. Rhh8 (38. Re5 $15) 38... Re7 (38... Rc4 $17 {[%cal Oc4f4] ...Rxf4! is the strong threat.} 39. Rhf8+ Kg6 40. Re6+ Kg7) 39. Rhf8+ {[#] This move loses the game for White.} (39. Ref8+ $1 $15 Ke6 40. Rd8) 39... Ke6 $1 $19 40. Rxe7+ Kxe7 41. Rxf5 {[%mdl 4096] Endgame KRB-KRB} Rc2 {To avoid Bd2. White must now prevent ...d2.} 42. Rd5 $2 (42. Re5+ Kf6 43. g4) 42... Bc4 43. Rd4 a5 44. bxa5 bxa5 {[%cal Bb6a5,Ba5a4][%mdl 32] aiming for ...a4.} 45. g4 (45. Re4+ $142 Kf6 46. Re1) 45... a4 {( -> ...Ke8)} 46. Bd6+ Ke6 {Black mates.} 47. Bb4 a3 48. Rd6+ Ke5 49. Bxa3 d2 50. Rd8 Bd5 {Weighted Error Value: White=0.59/Black=0.12 (very precise)} 0-1

[Event "MPL 35th National U-20 Girls Chess-ch 20"]
[Site "Haryana"]
[Date "2022.03.10"]
[Round "3.4"]
[White "Rindhiya V"]
[Black "Yuti Mayur Patel"]
[Result "1-0"]
[WhiteElo "1949"]
[BlackElo "1526"]
[Annotator "TA"]
[PlyCount "95"]
[EventDate "2022.03.09"]
[EventCountry "IND"]
[SourceTitle "playchess.com"]
[Source "ChessBase"]
[SourceQuality "1"]

{[%evp 15,95,6,35,4,19,13,37,0,23,0,128,120,119,118,111,97,115,122,106,105,125,112,105,105,106,99,100,92,99,89,134,136,157,116,107,107,118,102,114,110,107,106,174,175,261,261,261,261,261,250,261,236,372,381,466,460,576,574,573,531,495,553,765,760,702,664,1072,1056,1054,1017,1073,988,9989,5971,29988,29989,29989,29990,29991,29992,29993,29994]} 1. e4 e5 2. Nf3 Nc6 3. Bc4 Nf6 4. d3 Bc5 5. c3 d6 6. Nbd2 a6 7. Bb3 Be6 8. h3 O-O 9. O-O {C54: Giuoco Piano: 4 c3 Nf6, main lines with 5 d4 and 5 d3.} Qd7 10. Re1 {[#]} Qd8 $146 ({Predecessor:} 10... Ba7 11. Nf1 Ne7 12. Bg5 Ng6 13. d4 Nh5 14. Bxe6 Qxe6 15. d5 Qd7 16. Nh4 Nxh4 17. Qxh5 Ng6 18. Ng3 f6 {½-½ (25) Lee,Q (2277)-Parnali,S (2082) Basel 2018}) 11. Rf1 {White is slightly better.} Qd7 12. Re1 Bxh3 13. gxh3 $16 Qxh3 {[%cal Oc5f2] [#] ( -> ...Bxf2+!)} 14. Nf1 $1 Qg4+ 15. Kh1 Bxf2 16. N1h2 Qh3 {White must now prevent ...Nh5.} 17. Re2 Ng4 18. Qf1 {Really sharp!} Qxf1+ (18... Qg3 $2 19. Bg5 Bc5 20. Bh4 Nxh2 21. Rxh2 $18 (21. Bxg3 Nxf1 22. Rxf1 h6 $16)) 19. Nxf1 Bb6 20. Be3 {Inhibits Nf2+.} (20. Kg2 {is more complex.} h5 21. Ng5 a5 22. a4 g6 23. Be3) 20... Bxe3 21. Nxe3 Nxe3 22. Rxe3 h6 ({Black should try} 22... Rae8) 23. Nh4 Ne7 24. Rf3 (24. Nf5 $142 Nxf5 25. exf5) 24... g5 25. Ng2 {Raf1 is the strong threat. White is much more active. Black has bad knights.} Kg7 26. Raf1 {[%cal Rf3f7]} f6 27. Ne3 h5 28. R3f2 Ng6 {[#]} (28... Kg6 $16 {keeps fighting.}) 29. Nd5 $1 $18 {[%csl LRc7,LRf6]} Nf4 (29... Rac8 {is a better defense.} 30. Bd1 (30. Rxf6 c6 $16) (30. Nxf6 Nf4 $16) 30... Nf4) 30. Nxc7 ({Weaker is} 30. Nxf4 exf4 31. Rh2 h4 $11) 30... Rac8 31. Ne6+ Nxe6 32. Bxe6 Rce8 33. Bd5 b5 (33... Rb8 {was called for.} 34. Kh2 b5) 34. b4 Re7 35. a4 g4 36. axb5 axb5 37. c4 bxc4 38. dxc4 g3 39. Ra2 h4 40. Kg2 {Hoping for b5.} Kg6 41. b5 {[%cal Bb4b5,Bb5b6,Bb6b7][%mdl 32]} Rg7 42. b6 {Strongly threatening Ra7.} Kh5 43. Kh3 Rg4 44. b7 {Ra8 would kill now.} Rf4 45. Rxf4 {White mates.} exf4 46. Ra8 f3 47. Rxf8 f2 48. Rxf6 {Weighted Error Value: White=0.06 (flawless) /Black=0.51} 1-0

[Event "MPL 35th National U-20 Girls Chess-ch 20"]
[Site "Haryana"]
[Date "2022.03.10"]
[Round "3.5"]
[White "Divyabharathi Masanam"]
[Black "Ghosh Samriddhaa"]
[Result "1-0"]
[WhiteElo "1711"]
[BlackElo "1910"]
[Annotator "TA"]
[PlyCount "95"]
[EventDate "2022.03.09"]
[EventCountry "IND"]
[SourceTitle "playchess.com"]
[Source "ChessBase"]
[SourceQuality "1"]

{[%evp 9,95,14,26,24,26,22,19,2,34,33,47,35,280,0,18,0,268,0,32,0,66,36,109,101,173,117,175,129,133,123,218,191,230,241,276,228,322,329,313,326,315,314,399,330,343,266,270,243,228,217,259,0,159,122,471,471,501,484,680,658,653,556,564,562,545,435,504,498,656,647,804,800,784,793,767,726,754,732,1192,1192,1475,1677,29981,1719,29984,29983,29983,29984]} 1. e4 e6 2. d4 d5 3. exd5 exd5 4. Nf3 Nf6 5. Bd3 c5 6. O-O {C01: French: Exchange Variation.} c4 7. Be2 Bd6 8. Nc3 {The position is equal.} a6 9. Bg5 {[%cal Oc3d5]} Be6 {[#]} 10. Ne5 $146 ({Predecessor:} 10. Re1 O-O 11. a3 Nbd7 12. Qd2 b5 13. Bd1 h6 14. Be3 b4 15. Ne2 Ne4 16. Qc1 Ndf6 17. h3 g5 18. axb4 Bxb4 19. c3 Bd6 20. Bc2 {1-0 (61) Hicks,E-Maunsell,T Nelson 1912}) 10... Bc8 $2 {[#]} (10... O-O $14) 11. Nf3 $2 (11. Nxd5 $1 $18 {[%mdl 512]} c3 (11... Bxe5 12. Bxc4) 12. Nxc3) 11... Be6 $1 $11 12. Ne5 $2 (12. Bh4 $11) 12... Bc8 $18 {[#]} 13. Nf3 $2 ({White should play} 13. Nxd5 $1 $18 {[%mdl 512]} c3 (13... Bxe5 14. Bxc4) 14. Nxc3) 13... Be6 $14 14. Ne5 h6 ({Better is} 14... Bc8 $1 $11) 15. Bh4 {White is more active.} (15. Bxf6 $5 gxf6 16. Ng4 $16) 15... g5 ({Black should try} 15... Nc6 $14) 16. Bg3 $16 b5 {[#]} (16... h5 $16 {might work better.}) 17. a3 (17. f4 $1 $18) 17... Bxe5 (17... h5 $16) 18. Bxe5 (18. dxe5 $18 Ng8 19. f4) 18... Nbd7 19. f4 {Threatens to win with f5.} gxf4 (19... Nxe5 $16 20. dxe5 (20. fxe5 Nh7 $16) 20... Qb6+ 21. Kh1 d4) 20. Bxf4 $18 Qb6 21. Bf3 O-O-O 22. Kh1 Rdg8 (22... Rhg8 $142 23. Bxh6 Ne4 24. Nxe4 dxe4) 23. b4 Kb7 24. a4 Ra8 25. Qd2 h5 26. h4 Rhg8 27. g3 Qc6 28. Qg2 Nb6 {[%cal Rb6a4]} 29. Be5 {A strong pair of Bishops.} Nbd7 30. Bf4 Nb6 $1 {[%cal Rb6a4]} 31. Bg5 Rxg5 {[%mdl 8192]} 32. hxg5 Ng4 33. axb5 Qd6 (33... axb5 $142 34. Rxa8 Kxa8) 34. bxa6+ Rxa6 35. Bxg4 ({Stronger than} 35. Ne4 dxe4 36. Bxe4+ Nd5 $11) 35... Rxa1 36. Rxa1 {aiming for Bxe6.} hxg4 37. Rb1 {[%cal Ba1b1,Bb1e1,Be1f1,Bf1f6][%mdl 32]} Qd8 38. Qd2 Qh8+ 39. Kg1 Qh7 40. Re1 Qf5 41. Rf1 Qh7 42. Rf6 {[%cal Og5g6] And now g6! would win.} Nd7 43. Rf2 Nb6 44. Qf4 Qg8 45. Nb5 {White threatens Qc7+ and mate.} Kc6 46. Nd6 (46. Qd6+ $142 Kxb5 47. Qc5+ Ka6 48. b5+ Kb7 49. Qc6+ Kb8 50. Qxb6+ Kc8 51. Qa6+ Kd8 52. Qa8+ Bc8 53. b6) 46... Qg6 47. b5+ Kd7 48. Nxf7 {Weighted Error Value: White=0.60/Black=0.58} 1-0

[Event "MPL 35th National U-20 Girls Chess-ch 20"]
[Site "Haryana"]
[Date "2022.03.10"]
[Round "3.6"]
[White "Velpula Sarayu"]
[Black "Varshita Jain"]
[Result "1-0"]
[WhiteElo "1875"]
[BlackElo "1491"]
[Annotator "NA RC"]
[PlyCount "99"]
[EventDate "2022.03.09"]
[EventCountry "IND"]
[SourceTitle "playchess.com"]
[Source "ChessBase"]
[SourceQuality "1"]
[TimeControl "5400+30"]

1. e4 {[%emt 0:00:03]} e5 {[%emt 0:00:01]} 2. Nf3 {[%emt 0:00:13]} Nf6 {[%emt 0:00:06]} 3. Nxe5 {[%emt 0:00:15]} d6 {[%emt 0:00:06]} 4. Nf3 {[%emt 0:00:21]} Nxe4 {[%emt 0:00:03]} 5. Nc3 {[%emt 0:00:07]} Nxc3 {[%emt 0:00:07]} 6. dxc3 {[%emt 0:00:35]} Be7 {[%emt 0:00:30]} 7. Be3 {[%emt 0:00:30]} Nd7 {[%emt 0:00:00]} 8. Qd2 {[%emt 0:00:07]} Nf6 {[%emt 0:00:00]} 9. O-O-O {[%emt 0:01:37]} Be6 {[%emt 0:00:32]} 10. Kb1 {[%emt 0:03:56]} O-O {[%emt 0:03:38]} 11. Bd3 {[%emt 0:05:42]} d5 {[%emt 0:00:54]} 12. Nd4 {[%emt 0:07:51]} c5 {[%emt 0:03:39]} 13. Nxe6 {[%emt 0:03:07]} fxe6 {[%emt 0:00:08]} 14. c4 {[%emt 0:09:54]} Ng4 {[%emt 0:19:46]} 15. Qe2 {[%emt 0:02:12]} Nxe3 {[%emt 0:08:19]} 16. Qxe3 {[%emt 0:00:06]} Rf6 {[%emt 0:02:26]} 17. cxd5 {[%emt 0:01:08]} exd5 {[%emt 0:00:24]} 18. Bc4 {[%emt 0:00:22]} Qf8 {[%emt 0:19:11]} 19. Rxd5 {[%emt 0:07:42]} Kh8 {[%emt 0:00:24]} 20. Re1 {[%emt 0:02:01]} Bd6 {[%emt 0:05:27]} 21. Bd3 {[%emt 0:00:52]} Qf7 {[%emt 0:01:38]} 22. Qe4 {[%emt 0:02:41]} g6 {[%emt 0:01:04]} 23. g3 {[%emt 0:00:27]} Bf8 {[%emt 0:02:39]} 24. Bc4 {[%emt 0:01:17]} Qg7 {[%emt 0:09:10]} 25. Red1 {[%emt 0:00:40]} Rb6 {[%emt 0:03:44]} 26. Bb3 {[%emt 0:20:01]} Qf6 {[%emt 0:03:17]} (26... Qe7 {is a better defense.} 27. Qd3 Re8) 27. Qe5 {[%emt 0:03:44]} Qxe5 {[%emt 0:00:34]} 28. Rxe5 {[%emt 0:00:03]} c4 {[%emt 0:00:13]} 29. Bxc4 {[%emt 0:00:06]} Rc8 {[%emt 0:05:05]} 30. Bb3 {[%emt 0:00:25]} Rd6 {[%emt 0:03:07]} 31. Rxd6 {[%emt 0:04:48]} Bxd6 {[%emt 0:00:02]} 32. Re2 {[%emt 0:00:08]} Bc5 {[%emt 0:00:35]} 33. f4 {[%emt 0:01:05]} Rd8 {[%emt 0:00:26]} 34. Kc1 {[%emt 0:06:14]} Kg7 {[%emt 0:00:17]} 35. Bc4 {[%emt 0:01:01]} Rd7 {[%emt 0:01:59]} 36. Bd3 {[%emt 0:06:48]} Bd4 {[%emt 0:01:29]} 37. Bb5 {[%emt 0:02:01]} Rc7 {[%emt 0:00:38]} 38. c3 {[%emt 0:00:57]} a6 {[%emt 0:00:44]} 39. Bd3 {[%emt 0:00:23]} Kf6 {[%emt 0:02:34]} 40. Be4 {[%emt 0:01:46]} b5 {[%emt 0:01:51]} 41. Kd2 {[%emt 0:03:38]} Ba7 {[%emt 0:00:58]} 42. Bd3 {[%emt 0:00:23]} Rd7 {[%emt 0:00:53]} 43. Kc2 {[%emt 0:01:58]} Bg1 {[%emt 0:01:13]} 44. h3 {[%emt 0:00:21]} h5 {[%emt 0:01:17]} (44... Re7 $16 {was necessary.} 45. Kd2 Bc5) 45. Re5 {[%emt 0:01:00]} Bf2 {[%emt 0:01:16]} (45... Rd6 $142 46. Rg5 Kg7) 46. Rg5 {[%emt 0:00:36]} Rg7 {[%emt 0:00:01]} 47. h4 {[%emt 0:00:14]} Bb6 {[%emt 0:00:40]} 48. Kd2 {[%emt 0:01:10]} Bf2 {[%emt 0:00:29]} 49. f5 {[%emt 0:00:14]} gxf5 $18 {[%emt 0:00:13]} (49... Ra7 $142 50. Rxg6+ Kf7) 50. Rxf5+ {[%emt 0:00:04]} 1-0